[Event "Africa KCF Inv tt"]
[Site "Brakpan"]
[Date "2017.10.07"]
[Round "5.3"]
[White "Wilken, Justin Barend"]
[Black "Bhawoodien, Shabier Hussain"]
[Result "0-1"]
[WhiteElo "1953"]
[BlackElo "1972"]
[PlyCount "90"]
[EventDate "2017.10.05"]
[EventType "team-tourn"]
[EventRounds "7"]
[EventCountry "RSA"]
[SourceTitle "CBM 181 Extra"]
[Source "ChessBase"]
[SourceDate "2017.12.12"]
[SourceVersion "1"]
[SourceVersionDate "2017.12.12"]
[SourceQuality "1"]
[WhiteTeam "RSA Inv II"]
[BlackTeam "SA Veterans"]
[WhiteTeamCountry "RSA"]
[BlackTeamCountry "RSA"]

1. d4 Nf6 2. Bg5 Ne4 3. Bf4 d5 4. f3 Nf6 5. Nc3 a6 6. e4 e6 7. Bg5 Be7 8. e5 Nfd7 9. Bxe7 Qxe7 10. f4 c5 11. Nf3 Nc6 12. Qd2 cxd4 13. Nxd4 Qb4 14. 0-0-0 Nxd4 15. Qxd4 Qxd4 16. Rxd4 f6 17. exf6 Nxf6 18. Be2 Bd7 19. Bf3 0-0-0 20. Re1 Rde8 21. Na4 Bxa4 22. Rxa4 Kd7 23. Rb4 Kc7 24. Re3 Re7 25. c4 Rhe8 26. cxd5 Nxd5 27. Rc4+ Kb8 28. Bxd5 exd5 29. Rxe7 Rxe7 30. Rc2 Re1+ 31. Kd2 Rh1 32. h3 Rg1 33. Ke3 h5 34. Rd2 Kc7 35. Kf2 Ra1 36. a3 Kd6 37. g4 h4 38. g5 Rh1 39. Kg2 Re1 40. f5 Re3 41. Rf2 Rg3+ 42. Kh2 Rxg5 43. f6 gxf6 44. Rxf6+ Kc5 45. Rf4 d4 0-1

[Event "Africa KCF Inv tt"]
[Site "Brakpan"]
[Date "2017.10.06"]
[Round "3.3"]
[White "Mbedza, Richard"]
[Black "Bhawoodien, Shabier Hussain"]
[Result "0-1"]
[WhiteElo "1984"]
[BlackElo "1972"]
[PlyCount "71"]
[EventDate "2017.10.05"]
[EventType "team-tourn"]
[EventRounds "7"]
[EventCountry "RSA"]
[SourceTitle "CBM 181 Extra"]
[Source "ChessBase"]
[SourceDate "2017.12.12"]
[SourceVersion "1"]
[SourceVersionDate "2017.12.12"]
[SourceQuality "1"]
[WhiteTeam "RSA Inv III"]
[BlackTeam "SA Veterans"]
[WhiteTeamCountry "RSA"]
[BlackTeamCountry "RSA"]

1. e4 e5 2. Nf3 Nc6 3. Bc4 Nf6 4. d3 Bc5 5. Be3 Bb6 6. Bg5 h6 7. Bh4 d6 8. Nbd2 Be6 9. Bb5 a6 10. Ba4 Ba7 11. c4 Bd7 12. Rb1 Nb8 13. b4 b5 14. Bb3 c5 15. Rc1 Nc6 16. bxc5 Bxc5 17. cxb5 axb5 18. Bd5 Nb4 19. Nb3 Nbxd5 20. Nxc5 Qa5+ 21. Kf1 dxc5 22. exd5 Nxd5 23. Rxc5 Be6 24. Nxe5 Qb4 25. d4 Rxa2 26. g4 Qb2 27. Qe1 Ra1 28. Kg2 Rxe1 29. Rxe1 0-0 30. Nc6 Nf4+ 31. Kf3 Nd3 32. Ne7+ Kh7 33. Re3 Nxc5 34. dxc5 Qd4 35. h3 Qxc5 36. Ke4 0-1

[Event "South African op"]
[Site "Durban"]
[Date "2017.07.15"]
[Round "2"]
[White "Bhawoodien, Shabier Hussain"]
[Black "Daniel, Angelo"]
[Result "1-0"]
[WhiteElo "2066"]
[BlackElo "1302"]
[PlyCount "120"]
[EventDate "2017.07.14"]
[EventType "swiss"]
[EventRounds "11"]
[EventCountry "RSA"]
[SourceTitle "EXT 2018"]
[Source "ChessBase"]
[SourceDate "2017.10.13"]
[SourceVersion "1"]
[SourceVersionDate "2017.10.13"]
[SourceQuality "1"]

1. e4 c5 2. Nf3 Nc6 3. Nc3 d6 4. d4 cxd4 5. Nxd4 Nf6 6. Bg5 e6 7. Qd2 Be7 8. 0-0-0 0-0 9. f3 d5 10. Qe1 Nxd4 11. Rxd4 e5 12. Rd1 d4 13. Bxf6 Bxf6 14. Nd5 Be6 15. Bc4 Bg5+ 16. Kb1 Bxd5 17. Bxd5 Qc7 18. h4 Be3 19. g4 Rac8 20. Rh2 b6 21. Rg2 Kh8 22. Rd3 Qe7 23. Rh2 Rc5 24. a3 Rfc8 25. Qf1 R8c7 26. g5 g6 27. Bb3 Kg7 28. Qh3 Qd7 29. Qg2 h5 30. gxh6+ Kxh6 31. Rh3 a5 32. a4 b5 33. Qg4 Qxg4 34. fxg4 b4 35. g5+ Kg7 36. Rd1 f6 37. gxf6+ Kxf6 38. h5 gxh5 39. Rxh5 Ke7 40. Rf1 Bf4 41. Rg1 Kd7 42. Rh7+ Kc6 43. Rg6+ Kb7 44. Bd5+ Ka7 45. Rh8 Rc8 46. Rg7+ R5c7 47. Rhh7 Kb8 48. Be6 Rxg7 49. Rxg7 Rc7 50. Rg8+ Ka7 51. Bd5 Rc5 52. Rg2 Kb6 53. Ka2 Kc7 54. Kb3 Kd6 55. Rg6+ Kc7 56. Ra6 Kd7 57. Bc4 Kc7 58. Bb5 Kb8 59. Rxa5 Bd2 60. Ra6 Kb7 1-0

[Event "RSA-chT Regions"]
[Site "Cape Town"]
[Date "2016.01.10"]
[Round "6.4"]
[White "Van Zyl Rudd, Jack"]
[Black "Bhawoodien, Shabier Hussain"]
[Result "0-1"]
[WhiteElo "1691"]
[BlackElo "2102"]
[PlyCount "98"]
[EventDate "2016.01.08"]
[EventType "team-swiss"]
[EventRounds "7"]
[EventCountry "RSA"]
[SourceTitle "CBM 170 Extra"]
[Source "ChessBase"]
[SourceDate "2016.02.25"]
[SourceVersion "1"]
[SourceVersionDate "2016.02.25"]
[SourceQuality "1"]
[WhiteTeam "Nelson Mandela Bay"]
[BlackTeam "Western Province"]
[WhiteTeamCountry "RSA"]
[BlackTeamCountry "RSA"]

1. d4 Nf6 2. c4 e5 3. dxe5 Ng4 4. Bf4 Nc6 5. Nf3 Bb4+ 6. Nbd2 Qe7 7. e3 Ngxe5 8. Nxe5 Nxe5 9. Be2 0-0 10. 0-0 Ng6 11. Bg3 Bd6 12. Bxd6 Qxd6 13. Qc2 Qe7 14. Nf3 b6 15. Rac1 d6 16. b4 c5 17. a3 Bb7 18. Rfd1 f5 19. Ne1 f4 20. exf4 Nxf4 21. Bf1 Rad8 22. Nd3 Ne6 23. Re1 Qf6 24. Qe2 Nd4 25. Qe3 Qg6 26. Qg3 Qh6 27. Qe3 Qf6 28. Qg3 h6 29. h3 Bc8 30. a4 Be6 31. a5 Qf7 32. axb6 axb6 33. bxc5 bxc5 34. Nb2 Rb8 35. Nd1 Rb6 36. Ne3 Rb2 37. Nd1 Rd2 38. Qe3 Ra2 39. Qg3 Ra6 40. Ne3 Qf6 41. Bd3 Ra2 42. Rf1 Ra6 43. Ra1 Rb6 44. Rab1 Ra6 45. Rb7 Ra3 46. Nc2 Ne2+ 47. Bxe2 Rxg3 48. fxg3 Qc3 49. Rxf8+ Kxf8 0-1

[Event "South African op"]
[Site "Cape Town"]
[Date "2015.07.11"]
[Round "11"]
[White "Bhawoodien, Shabier Hussain"]
[Black "Darling, Simeon C"]
[Result "1-0"]
[WhiteElo "2139"]
[BlackElo "1925"]
[PlyCount "66"]
[EventDate "2015.07.03"]
[EventType "swiss"]
[EventRounds "11"]
[EventCountry "RSA"]
[SourceTitle "CBM 167 Extra"]
[Source "ChessBase"]
[SourceDate "2015.09.14"]
[SourceVersion "1"]
[SourceVersionDate "2015.09.14"]
[SourceQuality "1"]

1. e4 c5 2. Nf3 d6 3. d4 cxd4 4. Nxd4 Nf6 5. Nc3 a6 6. Bg5 e6 7. f4 Be7 8. Qf3 Qc7 9. 0-0-0 Nbd7 10. g4 b5 11. Bxf6 Nxf6 12. g5 Nd7 13. f5 Nc5 14. f6 gxf6 15. gxf6 Bf8 16. Rg1 Bd7 17. Re1 0-0-0 18. a3 Kb8 19. Kb1 Bc8 20. Qh5 Bb7 21. Bg2 Na4 22. Nxa4 bxa4 23. c3 Rg8 24. Qxh7 Rg5 25. Bf3 Rxg1 26. Rxg1 e5 27. Nc2 a5 28. Ne3 Qb6 29. Re1 d5 30. exd5 Ba6 31. d6 Rxd6 32. Qxf7 Rxf6 33. Nd5 Qc5 1-0

[Event "South African op"]
[Site "Cape Town"]
[Date "2015.07.06"]
[Round "6"]
[White "Bhawoodien, Shabier Hussain"]
[Black "Van Zyl Rudd, Jack"]
[Result "1-0"]
[WhiteElo "2139"]
[BlackElo "1693"]
[PlyCount "49"]
[EventDate "2015.07.03"]
[EventType "swiss"]
[EventRounds "11"]
[EventCountry "RSA"]
[SourceTitle "CBM 167 Extra"]
[Source "ChessBase"]
[SourceDate "2015.09.14"]
[SourceVersion "1"]
[SourceVersionDate "2015.09.14"]
[SourceQuality "1"]

1. c4 c6 2. e4 d5 3. exd5 cxd5 4. d4 dxc4 5. Bxc4 Nf6 6. Nf3 e6 7. 0-0 Be7 8. Nc3 0-0 9. a3 a6 10. Re1 b5 11. Ba2 Bb7 12. Bg5 Nbd7 13. Qe2 Re8 14. Rad1 Nb6 15. Ne5 Nbd5 16. Nxf7 Kxf7 17. Qxe6+ Kf8 18. Bxf6 Bxf6 19. Qf5 Rxe1+ 20. Rxe1 g6 21. Qe6 Qe7 22. Bxd5 Bxd5 23. Qxe7+ Bxe7 24. Nxd5 Bg5 25. Nc7 1-0